000 00707nam a22002890a 4500
001 PT59218
003 AR-LpoUNG
005 20210131231916.0
008 191001s2015||||ag |||||||||||||||||spa d
020 _a9789507318429
_c$8
040 _aAR-LpoUNG
_bspa
_cAR-LpoUNG
_eaacr
041 _aspa
044 _aag
082 0 _aA863 119amo
100 1 _aSaccomanno, Guillermo
245 1 0 _aAmor invertido
250 _a1ra. ed.
260 _aBuenos Aires :
_bSeix Barral,
_c2015.
300 _a190 p. :
_bil., fot.
650 4 _aARGENTINA
650 4 _aLITERATURA
650 4 _aNOVELAS
653 _aLITERATURA ARGENTINA
700 1 _aGarcĂ­a Lao, Fernanda
905 _a59218
942 _cLIB
999 _c12549
_d12549